000 00315nam a2200109Ia 4500
008 220204s9999 xx 000 0 und d
082 _bHAY
100 _aHAYEK, F A
245 0 _aNew studies in philosophy, politics, economics and the history of ideas
260 _aLondon
_bRoutledge & Kegan Paul
_c1978
942 _cBK
999 _c29853
_d29853